Educación en las Américas: calidad, equidad y ciudadanía.

Guardat en:
Dades bibliogràfiques
Autor principal: Schiefelbein, Ernesto coord, (autor)
Format: Llibre
Idioma:espanyol
Matèries:
Accés en línia:Ver documento en línea
Etiquetes: Afegir etiqueta
Sense etiquetes, Sigues el primer a etiquetar aquest registre!

MARC

LEADER 00000nam^a2200000^u^4500
001 000515006
005 20260526000000.0
008 101005s1000^^^^^^^^^^^^r^^^^^000^0^spa^d
009 20260526151500.765
035 |a FCE 000059221 
037 |a Acervo ITESO - Biblioteca 
041 |a spa 
095 |a 251 
100 |a Schiefelbein, Ernesto  |e coord  |e (autor) 
245 1 0 |a Educación en las Américas:  |b calidad, equidad y ciudadanía. 
264 |a Washington, D.C.:  |b Unidad de Desarrollo Social y Educación de la Secretaría General de la OEA,  |c 1997. 
300 |a 69 p. 
336 |a texto  |b txt  |2 rdacontenido 
337 |a sin mediación  |b n  |2 rdamedio 
338 |a volumen  |b nc  |2 rdasoporte 
596 |a Archivo en formato PDF. 
596 |a Forma de Acceso: Internet vía la World Wide Web. 
596 |a Requerimientos del sistema. Internet connectivity, World Wide Web browser. 
649 |a XX 
650 |a Ciudadanía 
650 |a Igualdad de educación 
650 |a Calidad educativa 
650 |a América Latina 
856 4 0 |u https://biblioteca.uahurtado.cl/ujah/reduc/pdf/pdf/8138.pdf  |y Ver documento en línea 
910 |a Fondo Centro de Estudios Educativos 
920 |a Impresos - Libros 
930 |a Fondos Especiales 
905 |a 133 
902 |a https://opac.biblio.iteso.mx/vufind/Record/000515006